000 02326cam a2200397 i 4500
999 _c905
_d905
001 20156742
003 GZU
005 20200916102204.0
008 171025t20182019nyua b 001 0 eng c
010 _a 2017035269
020 _a9780132316170
020 _a0134714881 (student edition)
020 _a9780134818733 (books a la carte)
020 _a0134818733 (books a la carte)
040 _aLBSOR/DLC
_beng
_cLBSOR
_erda
_dDLC
042 _apcc
050 0 0 _aGE105
_bWIT 2019
082 0 0 _a363.7
_223
100 1 _aWithgott, Jay,
_eauthor.
245 1 0 _aEssential environment :
_bthe science behind the stories /
_cJay Withgott, Matthew Laposata.
250 _a6th edition.
264 1 _aNY, NY :
_bPearson,
_c[2019]
264 4 _c©2019
300 _a400p.
_bcolor illustrations ;
_c28 cm
336 _atext
_2rdacontent
337 _aunmediated
_2rdamedia
338 _avolume
_2rdacarrier
504 _aIncludes bibliographical references and index.
505 0 _aScience and sustainability: an introduction to environmental science -- Environmental systems: matter, energy, and ecosystems -- Evolution, biodiversity, and population ecology -- Species interactions and community ecology -- Economics, policy, and sustainable development -- Human population -- Soil, agriculture, and the future of food -- Biodiversity and conservation biology -- Forests, forest management, and protected areas -- Environmental health and toxicology -- Geology, minerals, and mining -- Fresh water, oceans, and coasts -- Atmospheric science, air quality, and pollution control -- Global climate change.
520 _a"With this volume, we aim to meet the needs of instructors who favor a more succinct and afford-able book. We have distilled the most essential content from our full-length book, Environment: The Science behind the Stories, now in its sixth edition. We have streamlined our material, updated our coverage, and carefully crafted our writing to make Essential Environment every bit as readable, informative, and engaging as its parent volume" --
_cProvided by publisher.
650 0 _aEnvironmental sciences.
700 1 _aLaposata, Matthew,
_eauthor.
906 _a7
_bcbc
_corignew
_d1
_eecip
_f20
_gy-gencatlg
942 _2lcc
_cBK
_h 105
_iWIT
_kGE